TESL methodology : a teacher's handbook

Bibliographic Details
Main Author: Mariam Mohamed Nor (Author)
Other Authors: Rahmad Sukor Abd Samad (eauthor)
Format: Book
Language:English
Published: Kuala Lumpur : University of Malaya Press 2006
Series:Series on language studies (University of Malaya Press)
Subjects:

MARC

LEADER 00000cam a2200000 7i4500
001 0000050321
005 20200924093000.0
008 080311s2006 my eng
020 |a 9789831003022 
020 |a 9831003020 
040 |a UniSZA   |e rda 
090 0 0 |a PE1128.A2   |b M373 2006 
100 0 |a Mariam Mohamed Nor ,   |e author 
245 1 0 |a TESL methodology :   |b a teacher's handbook   |c Mariam Mohamed Nor, Rahmad Sukor Ab. Samad 
264 1 |a Kuala Lumpur :   |b University of Malaya Press   |c 2006 
300 |a vii, 222 pages ;   |c 23 cm. 
336 |a text  |2 rdacontent 
337 |a unmediated  |2 rdamedia 
338 |a volume  |2 rdacarrier 
490 0 |a Series on language studies (University of Malaya Press) 
504 |a Includes bibliographical references (page 207-220) and index 
505 1 |a Unit 1. Effective teaching -- Unit 2. Goals and objevtives -- Unit 3. Teaching thinking -- Unit 4. Thinking and writing -- Unit 5. teaching unit and lesson planning -- Unit 6. Teaching of the future 
650 0 |a English language   |x Study and teaching (Higher)   |x Foreign speakers 
650 0 |a English language   |x Study and teaching   |x Foreign speakers 
700 0 |a Rahmad Sukor Abd Samad ,   |e eauthor 
999 |a 1000107410   |b Book   |c OPEN SHELF (30 DAYS)   |e Gong Badak Campus